Adolescentes y responsabilidad penal: los aportes de Brasil y Costa Rica al debate en América Latina /

Guardado en:
Bibliografiske detaljer
Hovedforfatter: García Méndez, Emilio
Format: Texto
Fag:
Tags: Tilføj Tag
Ingen Tags, Vær først til at tagge denne postø!

MARC

LEADER 00000 a a2200000 04500
001 17388
003
040
100 |a García Méndez, Emilio  
245 |a Adolescentes y responsabilidad penal: los aportes de Brasil y Costa Rica al debate en América Latina /  |c Emilio García Méndez 
650 |a ADOLESCENTES  
650 |a POLITICA SOCIAL  
650 |a JUSTICIA SOCIAL  
650 |a PROBLEMAS SOCIALES  
650 |a DELINCUENCIA  
650 |a DELINCUENCIA JUVENIL  
650 |a DELITOS  
650 |a CASTIGO  
650 |a SANCIONES PENALES  
650 |a ASPECTOS JURIDICOS  
650 |a LEGISLACION  
773 |g número 5; páginas 19-36  
999 |c 35857  |d 35857